The scientific technology and social change

Gorde:
Xehetasun bibliografikoak
Egile nagusia: Rochlin, Gene I.
Formatua: Liburua
Hizkuntza:Undetermined
Argitaratua: San Francisco W. H. Freeman 1974
Gaiak:
Etiketak: Etiketa erantsi
Etiketarik gabe, Izan zaitez lehena erregistro honi etiketa jartzen!
Thư viện lưu trữ: Trung tâm Học liệu Trường Đại học Cần Thơ
LEADER 00492nam a2200181Ia 4500
001 CTU_77687
008 210402s9999 xx 000 0 und d
082 |a 301.24 
082 |b R672 
100 |a Rochlin, Gene I. 
245 4 |a The scientific technology and social change 
245 0 |c Gene I. Rochlin 
260 |a San Francisco 
260 |b W. H. Freeman 
260 |c 1974 
650 |a Technology 
650 |x Social aspects 
980 |a Trung tâm Học liệu Trường Đại học Cần Thơ